<?xml version="1.0" encoding="UTF-8"?>
<marc:record xmlns:marc="http://www.loc.gov/MARC21/slim">
   <marc:leader>00000nam a2200000 a 4500</marc:leader>
   <marc:datafield ind1="1" ind2=" " tag="100">
      <marc:subfield code="a">Knister</marc:subfield>
      <marc:subfield code="4">aut</marc:subfield>
      <marc:subfield code="e">Verfasser/-in</marc:subfield>
   </marc:datafield>
   <marc:datafield ind1="1" ind2=" " tag="100">
      <marc:subfield code="a">Rieger, Birgit</marc:subfield>
   </marc:datafield>
   <marc:datafield ind1="0" ind2="0" tag="245">
      <marc:subfield code="a">Hexe Lilli im Land der Dinosaurier</marc:subfield>
   </marc:datafield>
   <marc:datafield ind1="0" ind2="0" tag="245">
      <marc:subfield code="b">[mit dinostarken Zaubertricks!]</marc:subfield>
   </marc:datafield>
   <marc:datafield ind1="0" ind2="0" tag="245">
      <marc:subfield code="c">Knister. Birgit Rieger</marc:subfield>
   </marc:datafield>
   <marc:datafield ind1=" " ind2="1" tag="264">
      <marc:subfield code="a">Würzburg</marc:subfield>
      <marc:subfield code="b">Arena</marc:subfield>
      <marc:subfield code="c">2006</marc:subfield>
   </marc:datafield>
   <marc:datafield ind1="1" ind2=" " tag="490">
      <marc:subfield code="a">Hexe Lilli</marc:subfield>
      <marc:subfield code="v">Bd. 17</marc:subfield>
   </marc:datafield>
   <marc:datafield ind1=" " ind2=" " tag="250">
      <marc:subfield code="a">1. Aufl.</marc:subfield>
   </marc:datafield>
   <marc:datafield ind1="1" ind2=" " tag="520">
      <marc:subfield code="a">Mehrere hundert Millionen Jahre will Lilli diesmal per Hexensprung überbrücken es zieht sie magisch ins Land der Urzeit-Giganten. Einmal einem echten Dinosaurier gegenüberstehen! Doch was gut geplant war, geht diesmal ordentlich in die Hose: Klein-Leon hat sich an Lilli gehängt und es trotz aller Geheimhaltung geschafft, mit ihr in die Urzeit zu reisen. Was nun? Noch bevor Lilli mit Leon richtig schimpfen kann, hat schon ein riesiger Flugsaurier sich den kleinen Menschenjungen geangelt und segelt mit ihm von dannen. Oh Riesenschreck! Zusammen mit der hilfsbereiten Libelle Sirirsis begibt Lilli sich auf eine abenteuerliche Jagd nach dem geheimnisvollen Dieb aus den Lüften. Wird Lilli schnell genug ihren kleinen Bruder aus den Fängen des geflügelten Giganten befreien können?</marc:subfield>
   </marc:datafield>
   <marc:datafield ind1=" " ind2=" " tag="020">
      <marc:subfield code="a">9783401060583</marc:subfield>
      <marc:subfield code="9">9783401060583</marc:subfield>
   </marc:datafield>
   <marc:datafield ind1=" " ind2=" " tag="041">
      <marc:subfield code="a">ger</marc:subfield>
   </marc:datafield>
   <marc:datafield ind1=" " ind2=" " tag="300">
      <marc:subfield code="b">zahlr. Ill.</marc:subfield>
   </marc:datafield>
   <marc:datafield ind1="1" ind2=" " tag="521">
      <marc:subfield code="a">0</marc:subfield>
   </marc:datafield>
   <marc:datafield ind1=" " ind2=" " tag="300">
      <marc:subfield code="a">127 S.</marc:subfield>
   </marc:datafield>
</marc:record>
